000
00337nam a2200145 a 4500
008
970916s1969||||xx 0 und c
040
_a
SNK
_b
slo
_c
SNK
_e
AACR2
100
1
_a
Herneck, Friedrich
245
1
0
_a
Albert Einstein
260
_a
Bratislava
_b
Smena
_c
1969
300
_a
162 s.
020
_c
16
044
_a
xo
_c
SK
041
_a
slo
999
_c
10514
_d
10514